<?xml version="1.0" encoding="UTF-8"?>
<collection xmlns="http://www.loc.gov/MARC21/slim">
 <record>
  <leader>01893nam a2200241 a 4500</leader>
  <controlfield tag="001">1/34931</controlfield>
  <controlfield tag="008">080620s2001    enka     b    000 0 eng  </controlfield>
  <datafield tag="020" ind1=" " ind2=" ">
   <subfield code="a">0754611825</subfield>
  </datafield>
  <datafield tag="035" ind1=" " ind2=" ">
   <subfield code="l">37433</subfield>
  </datafield>
  <datafield tag="040" ind1=" " ind2=" ">
   <subfield code="a">DLC</subfield>
   <subfield code="c">DLC</subfield>
   <subfield code="d">DLC</subfield>
   <subfield code="d">GR-PeUP</subfield>
  </datafield>
  <datafield tag="082" ind1="0" ind2="0">
   <subfield code="a">331.8'8'082'0941 McB</subfield>
  </datafield>
  <datafield tag="100" ind1="1" ind2=" ">
   <subfield code="a">McBride, Anne,</subfield>
   <subfield code="d">1960-</subfield>
  </datafield>
  <datafield tag="245" ind1="1" ind2="0">
   <subfield code="a">Gender democracy in trade unions /</subfield>
   <subfield code="c">Anne McBride.</subfield>
  </datafield>
  <datafield tag="260" ind1=" " ind2=" ">
   <subfield code="a">Aldershot, Hants, England ;</subfield>
   <subfield code="a">Burlington, VT, USA :</subfield>
   <subfield code="b">Ashgate,</subfield>
   <subfield code="c">c2001.</subfield>
  </datafield>
  <datafield tag="300" ind1=" " ind2=" ">
   <subfield code="a">ix, 192 σ. :</subfield>
   <subfield code="b">εικ. ;</subfield>
   <subfield code="c">23 εκ.</subfield>
  </datafield>
  <datafield tag="504" ind1=" " ind2=" ">
   <subfield code="a">Περιέχει βιβλιογραφία και ευρετήριο.</subfield>
  </datafield>
  <datafield tag="505" ind1="8" ind2=" ">
   <subfield code="a">Machine generated contents note: 1 Introduction -- 2 Making Sense of Democracy -- 3 UNISON in the Making -- 4 Women Gaining Access -- 5 Taking Part in the Electoral Process -- 6 Fair Representation and Diversity -- 7 The Role of Women's Self-Organisation -- 8 Making a Difference in Local Government? -- 9 Making a Difference at Regional Level? -- 10 The Reshaping of Democracy? -- Appendix -- Bibliography -- Figures -- 4.1 Results of the first NEC election -- 4.2 Results of first elections in Local Government -- and Health Care Service Group Executives and -- Regional Committees in Regions 1 and 2 -- Tables -- 4.1 Allocation of seats on NEC -- 4.2 Allocation of regional representative seats in -- Regions 1 and 2 -- 4.3 Allocation of directly elected seats in service -- groups -- 9.1 Internal issues of concern to women in Region 2 -- 9.2 External issues of concern to women in Region 2.</subfield>
  </datafield>
  <datafield tag="610" ind1="2" ind2="0">
   <subfield code="a">UNISON (Organization).</subfield>
  </datafield>
  <datafield tag="650" ind1=" " ind2="4">
   <subfield code="a">Government employee unions</subfield>
   <subfield code="z">Great Britain.</subfield>
  </datafield>
  <datafield tag="650" ind1=" " ind2="4">
   <subfield code="a">Women labor union members</subfield>
   <subfield code="z">Great Britain.</subfield>
  </datafield>
  <datafield tag="852" ind1=" " ind2=" ">
   <subfield code="a">INST</subfield>
   <subfield code="b">UNIPILB</subfield>
   <subfield code="c">MAIN</subfield>
   <subfield code="e">20080620</subfield>
   <subfield code="h">331.8'8'082'0941 McB</subfield>
   <subfield code="p">00155704</subfield>
   <subfield code="q">00155704</subfield>
   <subfield code="t">LOAN</subfield>
   <subfield code="y">0</subfield>
   <subfield code="4">1</subfield>
  </datafield>
  <datafield tag="856" ind1="4" ind2="1">
   <subfield code="3">Πίνακας περιεχεομένων</subfield>
   <subfield code="u">http://www.loc.gov/catdir/toc/fy02/2001087935.html</subfield>
  </datafield>
  <datafield tag="856" ind1="4" ind2=" ">
   <subfield code="d">/webopac/covers/02/37433_0754611825.jpg</subfield>
  </datafield>
 </record>
</collection>
